000 00497nam a22001577a 4500
005 20250223113827.0
008 250223b |||||||| |||| 00| 0 eng d
020 _a9780333776360
050 _aRJ131 NEI
245 _aThe Biology of Child Health/
_ba reader in development and assessment
_cedited by; Sarah Neill & Helen Knowles
260 _aNew York
_bPalgrave Macmillan
_c2004
300 _axxiv. 324p.
_bill.
_c23.5cm
700 _aNeill, Sarah
700 _aKnowles, Helen
942 _2lcc
_cBK
_n0
999 _c4177
_d4177